[Event "Henry Chilufya Mem 2017"]
[Site "Mansa"]
[Date "2017.10.21"]
[Round "4.3"]
[White "Phiri, Richmond"]
[Black "Ssegwanyi, Arthur"]
[Result "0-1"]
[WhiteElo "2290"]
[BlackElo "2373"]
[Annotator "ChessBase"]
[PlyCount "80"]
[EventDate "2017.10.20"]
[EventType "swiss"]
[EventCountry "ZAM"]
[TimeControl "40/5400+30:1800+30"]

1. d4 Nf6 2. Nf3 e6 3. g3 c5 4. Bg2 cxd4 5. O-O d5 6. Nxd4 e5 7. Nf3 Nc6 8. c4
d4 9. e3 Be7 10. exd4 exd4 11. b3 O-O 12. Bb2 Bc5 13. Na3 Bg4 14. h3 Bh5 15. g4
Bg6 16. Nb5 Qb6 17. b4 Nxb4 18. Bxd4 Nc2 19. Bxc5 Qxc5 20. Rb1 Rad8 21. Qc1 a6
22. Nc3 Qxc4 23. Rb3 Rfe8 24. Nd2 Qf4 25. Nde4 Qxc1 26. Nxf6+ gxf6 27. Rxc1 b5
28. Rb2 Ne1 29. Re2 Rxe2 30. Nxe2 Nxg2 31. Kxg2 Rd2 32. Ng3 Rxa2 33. h4 Bc2 34.
Re1 Kf8 35. Nh5 f5 36. g5 Be4+ 37. Kg3 b4 38. Nf6 b3 39. f3 b2 40. fxe4 Ra1 0-1

[Event "Henry Chilufya Mem 2017"]
[Site "Mansa"]
[Date "2017.10.21"]
[Round "4.4"]
[White "Adly, Ahmed"]
[Black "Greenfeld, Alon"]
[Result "1-0"]
[WhiteElo "2625"]
[BlackElo "2509"]
[Annotator "TA"]
[PlyCount "75"]
[EventDate "2017.10.20"]
[EventType "swiss"]
[EventCountry "ZAM"]
[SourceTitle "playchess.com"]
[Source "ChessBase"]
[SourceQuality "1"]

{[%evp 17,75,18,22,9,8,-3,0,0,0,-14,-7,-3,-10,-15,-3,-7,-7,-10,0,-21,74,70,70,
70,152,99,85,99,91,110,179,174,175,148,155,98,95,105,96,102,220,121,140,140,
139,134,159,126,140,127,175,161,161,152,193,193,194,224,250,214]} 1. Nf3 Nf6 2.
g3 g6 3. Bg2 Bg7 4. c4 O-O 5. d4 d6 6. O-O Nbd7 7. Nc3 e5 8. h3 Re8 9. dxe5
dxe5 10. Be3 {E67: King's Indian: Fianchetto: 6...Nbd7} Qe7 11. Qc1 c6 12. Rd1
{The position is equal.} Nc5 (12... a5 13. Ng5 Nc5 14. b3 h6 15. Nf3 Kh7 16. g4
h5 17. Ng5+ Kg8 18. Bxc5 Qxc5 19. Nge4 {1/2-1/2 (46) Aronian,L (2785)-Firouzja,
A (2456) Doha 2016}) 13. b4 Nce4 14. Nxe4 Nxe4 {[#]} 15. b5 $146 ({Predecessor:
} 15. Nh2 f5 16. Bxe4 fxe4 17. Bc5 Qf7 18. Ng4 Be6 19. Nh6+ Bxh6 20. Qxh6 Bxc4
{0-1 (75) Andersson,U (2640)-Tukmakov,V (2580) Biel 1996}) 15... cxb5 16. cxb5
Be6 17. Qb2 Nd6 {Hoping for ...Nf5.} 18. Bc5 Nc4 (18... e4 $11 {remains equal.}
19. Nd4 b6 20. Bxd6 Qxd6) 19. Qb4 $16 Qf6 20. Nd2 b6 (20... Nxd2 $14 21. Rxd2
e4) 21. Be7 ({But not} 21. Nxc4 $6 bxc5 22. Qxc5 Rac8 $14) (21. Ne4 $142 Qf5
22. Be7) 21... Qxe7 22. Qxe7 Rxe7 23. Bxa8 {Black must now prevent Nxc4.} Na3 (
23... e4 $16 {is a better defense.}) 24. Ne4 $1 $18 Nxb5 25. Rd8+ Bf8 26. Ng5 (
{White should try} 26. Bd5) 26... Nc3 $16 27. Nxe6 Rxe6 28. Kf1 Kg7 {[#]} (
28... b5 $16 {keeps fighting.}) 29. Rd3 (29. Rc1 $1 $18 {[%cal Rc1c3]} Nb5 30.
a4) 29... Nb5 30. a4 $36 {[%mdl 2048] White is on the roll.} Nc7 31. Bb7 Re7
32. Bc6 Ne6 33. Rd7 Nd4 {[#]} 34. Rxe7 $1 {White is clearly better.} Bxe7 35.
Bd5 Bc5 36. g4 Kf6 37. Rd1 Be7 38. Bc4 {Precision: White = 60%, Black = 34%.}
1-0

[Event "Henry Chilufya Mem 2017"]
[Site "Mansa"]
[Date "2017.10.21"]
[Round "4.5"]
[White "Gupta, Abhijeet"]
[Black "Kiriakov, Petr"]
[Result "1-0"]
[WhiteElo "2619"]
[BlackElo "2543"]
[Annotator "TA"]
[PlyCount "134"]
[EventDate "2017.10.20"]
[EventType "swiss"]
[EventCountry "ZAM"]
[SourceTitle "playchess.com"]
[Source "ChessBase"]
[SourceQuality "1"]

{[%evp 16,134,22,1,18,7,15,15,29,6,8,8,22,16,22,12,8,0,0,0,16,0,16,7,22,22,30,
8,45,25,36,0,0,0,0,0,0,0,0,-50,-14,-37,0,-12,-27,-35,-5,-13,0,-17,-17,-19,0,0,
0,-16,0,0,0,-60,0,-23,0,-38,0,0,0,0,34,26,39,35,85,84,56,24,24,24,24,24,24,26,
28,27,68,92,97,99,100,100,100,100,100,95,95,91,95,85,70,9,9,16,16,0,473,405,
369,388,247,204,204,210,29962,29963,29948,11843,29983,29984,29984,29985,29983]
} 1. d4 e6 2. c4 Nf6 3. g3 d5 4. Bg2 Be7 5. Nf3 O-O 6. O-O dxc4 7. Qc2 a6 8. a4
Bd7 9. Bg5 {LiveBook: 36 Games. E05: Open Catalan: 5 Nf3 Be7} (9. Qxc4 Bc6 10.
Bg5 a5 11. Nc3 Na6 12. e3 Nb4 13. Rfd1 Nd7 14. Bxe7 Qxe7 15. e4 Rfd8 16. Rd2
Nb6 17. Qe2 Be8 18. b3 c5 19. Qe3 Rac8 {1/2-1/2 (75) Ding,L (2777)-Aronian,L 
(2799) Tbilisi 2017}) 9... h6 10. Bxf6 Bxf6 11. Rd1 $146 {The position is
equal.} ({Predecessor:} 11. Qxc4 Bb5 12. Qc2 Bc6 13. Nc3 a5 14. Ne4 Be7 15.
Rfd1 Na6 16. Ne5 Nb4 {1/2-1/2 (43) Wyder,B (1991)-Hegelund,O (1951) ICCF email
2010}) 11... Bc6 12. e4 a5 13. Na3 Na6 14. Nxc4 Nb4 15. Qe2 b6 16. h4 Bb7 17.
b3 Ba6 18. Rac1 c6 19. Qe3 Rc8 20. Bf1 Bb7 21. Nfe5 b5 22. Na3 Na2 23. Ra1 b4
24. Nac4 Nc3 $36 {[%mdl 2048] Black fights for an advantage.} 25. Rd2 Qc7 26.
Ng4 Be7 {[%cal Bf6e7,Be7f8,Bf8g7][%mdl 32]} 27. Bg2 Rfd8 28. Re1 Bf8 29. Qf4
Qxf4 30. gxf4 Ra8 31. Nge3 h5 32. Kh2 g6 33. Kg3 Bg7 34. e5 Bf8 35. Nd1 Nd5 36.
Nde3 Nc3 37. Rc1 (37. Nd1 $11) 37... Ra7 ({Better is} 37... Rxd4 $1 $15 38.
Rcc2 Rxd2 39. Rxd2 Ba6) 38. Nd1 Nd5 39. Nce3 Rd7 40. Nxd5 cxd5 41. Bf1 Ba6 (
41... Be7 {feels hotter.} 42. Bb5 Rd8 43. Nb2 Rda8 44. Nd3 Bd8) 42. Bxa6 Rxa6
43. Rc8 Rda7 44. Rdc2 Ra8 45. Nb2 Kg7 46. Rxa8 Rxa8 $11 {[%mdl 4096] Endgame
KRB-KRN} 47. Rc7 Re8 $1 48. Nd3 Re7 49. Rc8 Ra7 50. f5 gxf5 51. Nf4 Be7 52.
Nxh5+ Kg6 53. Nf4+ Kg7 54. Nd3 Kg6 55. f4 Kh5 56. Kh3 $1 Kg6 57. Ne1 (57. Nc5
$1 $14) 57... Rd7 58. Nf3 Bd8 59. Ng5 Bb6 $2 {[%mdl 8192]} (59... Kg7 $1 $11 {
and Black is okay.}) 60. Rg8+ $18 Kh6 61. Rh8+ Kg7 {[#]} 62. Rh7+ $1 Kg8 63. h5
{[%cal Bh4h5,Bh5h6][%mdl 32]} Rc7 $2 {[#]} ({But not} 63... Bxd4 $2 64. h6 $18)
(63... Bd8 $18 64. h6 Bxg5 65. Rg7+ Kh8 66. fxg5 Rc7) 64. h6 $1 Rc3+ 65. Kh4 {
White threatens Rg7+ and mate.} Bd8 66. Rg7+ Kf8 67. Rxf7+ Ke8 {Precision:
White = 63%, Black = 39%.} 1-0

[Event "Henry Chilufya Mem 2017"]
[Site "Mansa"]
[Date "2017.10.22"]
[Round "5"]
[White "Kiriakov, Petr"]
[Black "Chumfwa, Stanley"]
[Result "1-0"]
[WhiteElo "2543"]
[BlackElo "2278"]
[Annotator "TA"]
[PlyCount "77"]
[EventDate "2017.10.22"]
[EventType "swiss"]
[EventCountry "ZAM"]
[SourceTitle "playchess.com"]
[Source "ChessBase"]
[SourceQuality "1"]

{[%evp 14,77,0,0,144,147,148,145,146,147,158,157,170,164,159,156,169,168,202,
187,211,217,278,278,281,260,249,212,212,216,271,247,292,271,260,219,268,259,
260,255,321,216,214,221,264,244,300,298,294,291,272,249,249,249,250,249,250,
248,237,236,256,251,267,269,280,273]} 1. d4 Nf6 2. c4 e6 3. Nc3 Bb4 4. Qc2 d5
5. cxd5 exd5 6. Bg5 c5 7. a3 {E35: Nimzo-Indian: Classical: 4...d5 5 cxd5 exd5}
(7. dxc5 h6 8. Bh4 O-O 9. e3 Be6 10. a3 Bxc3+ 11. Qxc3 g5 12. Bg3 Ne4 13. Qc2
Nc6 14. Nf3 f5 15. O-O-O Qe7 {1-0 (46) Lupulescu,C (2620)-Ponomariov,R (2715)
Gjakova 2016}) 7... Bxc3+ 8. Qxc3 {LiveBook: 25 Games} h6 $146 (8... cxd4 $11
9. Qxd4 Nc6) ({Predecessor:} 8... cxd4 9. Qxd4 Nc6 10. Qf4 d4 11. Bxf6 gxf6 12.
b4 Qd5 13. Nf3 a5 14. Qxf6 O-O 15. b5 Qxb5 16. e4 Qb3 {1/2-1/2 (16) Akesson,R 
(2578)-Ninov,N (2600) ICCF email 2009}) 9. Bxf6 $1 $16 {White is clearly
better.} Qxf6 10. Qxc5 Be6 11. e3 a6 12. Ne2 Nc6 13. Nf4 Ne7 14. Bd3 O-O 15.
O-O g6 16. Rac1 Rab8 17. Qb6 Rfd8 18. Rc7 Nc8 19. Qc5 b6 20. Qc2 a5 21. Rc1 Nd6
22. Qa4 h5 23. h3 Ne8 24. R7c3 Ng7 25. Qd1 Rd6 26. Rc6 Rbd8 27. Rxd6 Rxd6 28.
Qc2 Bd7 29. Qc7 Kh7 30. Qb7 Rc6 31. Rxc6 Qxc6 32. Qxc6 Bxc6 $18 {[%mdl 4096]
Endgame KBN-KBN} 33. Bb1 Ne8 34. Nxh5 Nd6 35. Nf4 Nc4 36. Nd3 Bb5 37. Bc2 {
White has a decisive advantage.} Kg7 38. a4 Ba6 39. Nf4 {Precision: White =
85%, Black = 48%.} 1-0

[Event "Henry Chilufya Mem 2017"]
[Site "Mansa"]
[Date "2017.10.22"]
[Round "5"]
[White "Greenfeld, Alon"]
[Black "Gupta, Abhijeet"]
[Result "1/2-1/2"]
[WhiteElo "2509"]
[BlackElo "2619"]
[Annotator "ChessBase"]
[PlyCount "237"]
[EventDate "2017.??.??"]
[EventType "swiss"]
[EventCountry "ZAM"]
[SourceTitle "playchess.com"]
[Source "ChessBase"]
[SourceQuality "1"]
[TimeControl "40/5400+30:1800+30"]

1. d4 {[%emt 0:02:02]} Nf6 {[%emt 0:00:03]} 2. Nf3 {[%emt 0:01:44]} g6 {
[%emt 0:01:30]} 3. c4 {[%emt 0:00:48]} Bg7 {[%emt 0:00:04]} 4. Nc3 {[%emt 0:00:
25]} d5 {[%emt 0:00:05]} 5. cxd5 {[%emt 0:00:18]} Nxd5 {[%emt 0:00:05]} 6. Qa4+
{[%emt 0:00:09]} Bd7 {[%emt 0:01:24]} 7. Qa3 {[%emt 0:02:39]} Bc6 {[%emt 0:04:
51]} 8. e3 {[%emt 0:02:47]} O-O {[%emt 0:07:48]} 9. Be2 {[%emt 0:03:59]} Nd7 {
[%emt 0:03:39]} 10. O-O {[%emt 0:02:18]} e5 {[%emt 0:01:21]} 11. Nxd5 {[%emt 0:
29:55]} Bxd5 {[%emt 0:00:04]} 12. dxe5 {[%emt 0:00:09]} c6 {[%emt 0:02:30]} 13.
Rd1 {[%emt 0:04:22]} Qc7 {[%emt 0:00:59]} 14. e4 {[%emt 0:02:28]} Bxe4 {
[%emt 0:00:08]} 15. e6 {[%emt 0:08:03]} fxe6 {[%emt 0:00:05]} 16. Ng5 {[%emt 0:
01:18]} Bd5 {[%emt 0:00:16]} 17. Qh3 {[%emt 0:06:46]} Nf6 {[%emt 0:00:08]} 18.
Bg4 {[%emt 0:00:40]} Rae8 {[%emt 0:08:10]} 19. Be3 {[%emt 0:03:31]} Qe7 {
[%emt 0:00:24]} 20. Rac1 {[%emt 0:06:41]} b6 {[%emt 0:00:09]} 21. Rxd5 {
[%emt 0:00:57]} exd5 {[%emt 0:02:26]} 22. Rxc6 {[%emt 0:00:26]} Qb4 {[%emt 0:
02:06]} 23. Be6+ {[%emt 0:00:23]} Kh8 {[%emt 0:00:12]} 24. g3 {[%emt 0:01:52]}
d4 {[%emt 0:04:17]} 25. Bf4 {[%emt 0:01:17]} Nh5 {[%emt 0:00:34]} 26. Nf7+ {
[%emt 0:04:27]} Rxf7 {[%emt 0:09:12]} 27. Bxf7 {[%emt 0:00:09]} Qe1+ {[%emt 0:
02:34]} 28. Qf1 {[%emt 0:00:05]} Nxf4 {[%emt 0:00:16]} 29. gxf4 {[%emt 0:00:20]
} Qxf1+ {[%emt 0:00:08]} 30. Kxf1 {[%emt 0:00:04]} Rf8 {[%emt 0:00:47]} 31. Bc4
{[%emt 0:01:34]} Rxf4 {[%emt 0:01:55]} 32. Rc7 {[%emt 0:00:25]} a5 {[%emt 0:01:
44]} 33. Rc6 {[%emt 0:00:21]} Bf6 {[%emt 0:10:06]} 34. Rxb6 {[%emt 0:00:49]} d3
{[%emt 0:00:58]} 35. Bxd3 {[%emt 0:05:41]} Bd4 {[%emt 0:00:03]} 36. Rd6 {
[%emt 0:01:12]} Rxf2+ {[%emt 0:00:13]} 37. Ke1 {[%emt 0:00:18]} Rf4 {[%emt 0:
00:04]} 38. b3 {[%emt 0:04:21]} Bc3+ {[%emt 0:00:41]} 39. Kd1 {[%emt 0:00:30]}
Rf2 {[%emt 0:00:26]} 40. h3 {[%emt 0:00:36]} Rxa2 {[%emt 0:31:14]} 41. Bc4 {
[%emt 0:30:42]} Rh2 {[%emt 0:02:43]} 42. Rd8+ {[%emt 0:00:13]} Kg7 {[%emt 0:00:
04]} 43. Rd7+ {[%emt 0:00:06]} Kh6 {[%emt 0:00:03]} 44. Bg8 {[%emt 0:01:05]}
Bg7 {[%emt 0:00:15]} 45. Be6 {[%emt 0:00:26]} Rf2 {[%emt 0:01:20]} 46. Rf7 {
[%emt 0:00:50]} Ra2 {[%emt 0:01:49]} 47. Ra7 {[%emt 0:00:21]} Bd4 {[%emt 0:01:
23]} 48. Rd7 {[%emt 0:00:08]} Bc3 {[%emt 0:00:39]} 49. Bg8 {[%emt 0:01:02]} Bg7
{[%emt 0:00:27]} 50. Ra7 {[%emt 0:00:25]} Rh2 {[%emt 0:07:32]} 51. Be6 {
[%emt 0:00:10]} Bc3 {[%emt 0:00:13]} 52. Bg8 {[%emt 0:00:34]} Kg5 {[%emt 0:03:
24]} 53. Rxh7 {[%emt 0:00:17]} Bb4 {[%emt 0:00:04]} 54. Bc4 {[%emt 0:01:08]}
Kf4 {[%emt 0:00:31]} 55. Rh8 {[%emt 0:01:08]} g5 {[%emt 0:00:24]} 56. Be2 {
[%emt 0:01:17]} Ke3 {[%emt 0:01:51]} 57. Re8+ {[%emt 0:01:04]} Kd4 {[%emt 0:00:
03]} 58. Bg4 {[%emt 0:00:36]} Rb2 {[%emt 0:02:28]} 59. Be6 {[%emt 0:00:32]} Rf2
{[%emt 0:01:41]} 60. Rc8 {[%emt 0:00:31]} Kd3 {[%emt 0:01:56]} 61. Kc1 {
[%emt 0:00:02]} Be7 {[%emt 0:05:32]} 62. Kb1 {[%emt 0:00:30]} Bf6 {[%emt 0:00:
59]} 63. Rc2 {[%emt 0:00:07]} Rf3 {[%emt 0:01:30]} 64. Bc4+ {[%emt 0:00:45]}
Kd4 {[%emt 0:00:26]} 65. Be6 {[%emt 0:00:49]} Kd3 {[%emt 0:02:40]} 66. Bg4 {
[%emt 0:00:27]} Rg3 {[%emt 0:00:55]} 67. Bf5+ {[%emt 0:00:15]} Ke3 {[%emt 0:00:
14]} 68. Ka2 {[%emt 0:01:05]} Rg1 {[%emt 0:00:18]} 69. Ka3 {[%emt 0:00:19]}
Ra1+ {[%emt 0:00:37]} 70. Ra2 {[%emt 0:00:01]} Rf1 {[%emt 0:01:03]} 71. Bg4 {
[%emt 0:00:14]} Rf4 {[%emt 0:00:46]} 72. Rc2 {[%emt 0:00:25]} Be7+ {[%emt 0:00:
09]} 73. Ka2 {[%emt 0:00:12]} Kd3 {[%emt 0:00:16]} 74. Kb1 {[%emt 0:00:28]} Bb4
{[%emt 0:00:56]} 75. Be2+ {[%emt 0:00:15]} Ke3 {[%emt 0:00:24]} 76. Bg4 {
[%emt 0:00:10]} Rf1+ {[%emt 0:00:50]} 77. Rc1 {[%emt 0:00:10]} Rf2 {[%emt 0:00:
02]} 78. Rc2 {[%emt 0:00:11]} Bd2 {[%emt 0:00:04]} 79. Rc5 {[%emt 0:01:11]} Kd3
{[%emt 0:00:33]} 80. Bf5+ {[%emt 0:00:31]} Ke3 {[%emt 0:01:04]} 81. Rd5 {
[%emt 0:00:40]} Bb4 {[%emt 0:00:37]} 82. Re5+ {[%emt 0:00:44]} Kd4 {[%emt 0:00:
24]} 83. Re4+ {[%emt 0:00:17]} Kd5 {[%emt 0:00:15]} 84. Bh7 {[%emt 0:00:27]}
Rf3 {[%emt 0:00:36]} 85. Rg4 {[%emt 0:00:30]} Rxb3+ {[%emt 0:00:50]} 86. Kc2 {
[%emt 0:00:43]} Rc3+ {[%emt 0:00:03]} 87. Kb2 {[%emt 0:00:27]} Rxh3 {[%emt 0:
00:13]} 88. Rxg5+ {[%emt 0:00:28]} Kd4 {[%emt 0:00:19]} 89. Rg4+ {[%emt 0:00:
09]} Kc5 {[%emt 0:00:30]} 90. Rg5+ {[%emt 0:00:36]} Kb6 {[%emt 0:00:06]} 91.
Bc2 {[%emt 0:00:30]} Bc3+ {[%emt 0:00:03]} 92. Ka2 {[%emt 0:00:06]} Bd4 {
[%emt 0:00:37]} 93. Rd5 {[%emt 0:00:13]} Bc5 {[%emt 0:00:24]} 94. Rd3 {[%emt 0:
01:01]} Rh2 {[%emt 0:00:03]} 95. Rb3+ {[%emt 0:00:35]} Bb4 {[%emt 0:00:30]} 96.
Rb2 {[%emt 0:00:16]} Kc5 {[%emt 0:01:16]} 97. Ba4 {[%emt 0:00:35]} Rh3 {
[%emt 0:00:06]} 98. Rc2+ {[%emt 0:00:19]} Kd4 {[%emt 0:00:40]} 99. Bb3 {
[%emt 0:00:13]} Rh1 {[%emt 0:00:38]} 100. Kb2 {[%emt 0:00:32]} Rh3 {[%emt 0:00:
14]} 101. Rg2 {[%emt 0:00:59]} Ke3 {[%emt 0:00:52]} 102. Kc2 {[%emt 0:00:55]}
Bd6 {[%emt 0:00:29]} 103. Rd2 {[%emt 0:00:38]} Rh6 {[%emt 0:00:12]} 104. Rd3+ {
[%emt 0:00:14]} Ke4 {[%emt 0:00:03]} 105. Bd5+ {[%emt 0:00:15]} Ke5 {[%emt 0:
00:05]} 106. Bb3 {[%emt 0:00:38]} Bb4 {[%emt 0:00:02]} 107. Re3+ {[%emt 0:00:
36]} Kd4 {[%emt 0:00:23]} 108. Rd3+ {[%emt 0:00:11]} Ke4 {[%emt 0:00:02]} 109.
Bd5+ {[%emt 0:00:09]} Ke5 {[%emt 0:00:03]} 110. Kb3 {[%emt 0:00:19]} Bc5 {
[%emt 0:00:44]} 111. Kc4 {[%emt 0:00:52]} Bf2 {[%emt 0:00:19]} 112. Kb5 {
[%emt 0:00:21]} Bd4 {[%emt 0:01:17]} 113. Bf3 {[%emt 0:00:27]} Bb6 {[%emt 0:00:
38]} 114. Bc6 {[%emt 0:00:50]} Bf2 {[%emt 0:01:15]} 115. Bf3 {[%emt 0:00:11]}
Bb6 {[%emt 0:00:36]} 116. Bc6 {[%emt 0:00:08]} Bd4 {[%emt 0:00:42]} 117. Bf3 {
[%emt 0:00:06]} Rd6 {[%emt 0:00:02]} 118. Ka4 {[%emt 0:01:44]} Rd7 {[%emt 0:00:
27]} 119. Rb3 {[%emt 0:00:54]} 1/2-1/2

[Event "Henry Chilufya Mem 2017"]
[Site "Mansa"]
[Date "2017.10.22"]
[Round "5"]
[White "Ssegwanyi, Arthur"]
[Black "Adly, Ahmed"]
[Result "0-1"]
[WhiteElo "2373"]
[BlackElo "2625"]
[Annotator "TA"]
[PlyCount "64"]
[EventDate "2017.??.??"]
[EventType "swiss"]
[EventCountry "ZAM"]
[SourceTitle "playchess.com"]
[Source "ChessBase"]
[SourceQuality "1"]

{[%evp 9,64,9,37,45,44,53,50,41,50,41,37,45,38,12,41,37,37,34,36,31,31,0,37,33,
39,0,34,33,39,37,30,12,28,33,35,-16,-6,-99,-105,-106,-109,-89,-86,-127,-122,
-227,-230,-400,-390,-182,-175,-753,-751,-5273,-2060,-29994,-29995]} 1. e4 c5 2.
Nf3 g6 3. Nc3 Bg7 4. d4 Nf6 (4... cxd4 5. Nxd4 Nc6 6. Be3 Nf6 7. Bc4 O-O 8. Bb3
d6 9. f3 Bd7 10. h4 h5 11. Qd2 Rc8 12. O-O-O Ne5 13. Bg5 Rc5 14. Kb1 b5 15. g4
hxg4 16. h5 Nxh5 17. Nd5 Rxd5 18. Bxd5 Qe8 19. Rdg1 e6 20. fxg4 exd5 21. gxh5
Nc4 22. Qf2 Qe5 23. c3 f6 24. Bf4 Qxe4+ 25. Ka1 {1-0 (34) Chigaev,M (2561)
-Savchenko,B (2639) Voronezh 2017}) 5. Bc4 O-O 6. dxc5 {B27: Sicilian: 2 Nf3,
unusual Black 2nd moves} Qa5 7. O-O Qxc5 8. Qe2 {White is slightly better.} Nc6
$146 ({Predecessor:} 8... d6 9. h3 Nc6 10. Be3 Qh5 11. Nd2 Qxe2 12. Nxe2 Rd8
13. Nf4 e6 14. Bb3 d5 15. exd5 exd5 16. Nd3 Ne4 {1/2-1/2 (47) Neukirch,D (2320)
-Kunsztowicz,U (2330) Germany 1993}) 9. h3 Na5 10. Bd3 {Bd2 is the strong
threat.} d6 11. Ng5 h6 12. Be3 Qc7 13. Nf3 Bd7 14. Rad1 Rfc8 15. Bf4 e5 (15...
Nc4 $5 {[%cal Rc4b2]} 16. e5 dxe5 17. Bxe5 Nxe5 18. Nxe5 Be8 $11) 16. Be3 a6
17. Nd2 b5 18. f4 b4 19. fxe5 dxe5 20. Nd5 Nxd5 21. exd5 f5 {[%cal Bf7f5,Bf5f4,
Bf4f3][%mdl 32]} 22. Bxa6 ({Better is} 22. Qf2 $14 Qd6 23. Bb6 Qxd5 24. b3)
22... Re8 $11 23. Nb3 (23. b3 $1 $11) 23... f4 $1 $17 {[%cal Rf4e3]} 24. Bf2 {
Threatens to win with d6.} e4 $1 {[%cal Be5e4,Be4e3,Be3e2][%mdl 32]} 25. Nxa5 {
Hoping for Nc6.} f3 $1 $36 {[%cal Rf3e2][%mdl 2048] Black is in control.} 26.
gxf3 {And now Bc4 would win.} e3 $1 {[%cal Re3f2]} 27. Be1 {[#]} (27. Bh4 $17
Rxa6 28. Nc6 (28. Qxa6 e2 $11)) 27... Rxa6 $1 $19 28. Qxa6 $2 (28. Nc4 Rxa2 29.
d6) 28... e2 29. Bf2 {[#]} (29. Rd2 {keeps fighting.} exf1=R+ 30. Qxf1 Qxa5 31.
b3) 29... Kh7 $1 30. Qa7 $2 (30. d6 exf1=R+ 31. Rxf1 Qxc2 32. h4) 30... Qxc2
31. Rde1 Bxh3 (31... exf1=Q+ $142 32. Rxf1 Bxh3) 32. Qc5 Qd3 {Precision: White
= 41%, Black = 76%.} 0-1

[Event "Henry Chilufya Mem 2017"]
[Site "Mansa"]
[Date "2017.10.22"]
[Round "5"]
[White "Mwali, Chitumbo"]
[Black "Phiri, Richmond"]
[Result "1-0"]
[WhiteElo "2334"]
[BlackElo "2290"]
[Annotator "NA"]
[PlyCount "53"]
[EventDate "2017.??.??"]
[EventType "swiss"]
[EventCountry "ZAM"]
[SourceTitle "playchess.com"]
[Source "ChessBase"]
[SourceQuality "1"]
[TimeControl "40/5400+30:1800+30"]

1. c4 {[%emt 0:01:46]} e6 {[%emt 0:00:39]} 2. g3 {[%emt 0:00:23]} d5 {[%emt 0:
00:15]} 3. Bg2 {[%emt 0:01:54]} Nf6 {[%emt 0:00:09]} 4. Nf3 {[%emt 0:00:38]}
Be7 {[%emt 0:08:00]} 5. O-O {[%emt 0:05:16]} O-O {[%emt 0:03:58]} 6. d4 {
[%emt 0:05:21]} dxc4 {[%emt 0:05:16]} 7. Ne5 {[%emt 0:04:56]} Nc6 {[%emt 0:04:
17]} 8. Bxc6 {[%emt 0:00:36]} bxc6 {[%emt 0:00:07]} 9. Nxc6 {[%emt 0:00:37]}
Qe8 {[%emt 0:03:08]} 10. Nxe7+ {[%emt 0:02:20]} Qxe7 {[%emt 0:00:15]} 11. Qa4 {
[%emt 0:01:59]} c5 {[%emt 0:03:30]} 12. Qxc4 {[%emt 0:00:26]} cxd4 {[%emt 0:00:
08]} 13. Qxd4 {[%emt 0:00:10]} e5 {[%emt 0:11:50] LiveBook: 56 Games} 14. Qh4
$11 {[%emt 0:00:09]} Bb7 {[%emt 0:00:16]} 15. Bg5 {[%emt 0:03:36]} Rad8 {
[%emt 0:11:07]} 16. Nc3 {[%emt 0:07:40]} Rd4 {[%emt 0:05:44]} 17. e4 {[%emt 0:
00:54]} Qe6 {[%emt 0:04:00]} 18. Bxf6 {[%emt 0:03:34]} gxf6 {[%emt 0:00:28]}
19. Rfe1 {[%emt 0:02:33]} Rd2 {[%emt 0:09:51]} 20. Re3 {[%emt 0:02:18]} Rxb2 {
[%emt 0:04:00]} 21. Rd1 {[%emt 0:02:15]} f5 {[%emt 0:05:35]} 22. Rf3 {[%emt 0:
01:56]} f4 {[%emt 0:05:13]} 23. gxf4 {[%emt 0:01:05]} exf4 {[%emt 0:00:36]} 24.
Qxf4 {[%emt 0:01:02]} f6 {[%emt 0:02:38]} 25. Rg3+ {[%emt 0:00:08]} Kh8 {
[%emt 0:00:42]} 26. Qc7 {[%emt 0:00:40]} Rg8 {[%emt 0:01:43]} 27. Rd8 {[%emt 0:
00:45]} 1-0

[Event "Henry Chilufya Mem 2017"]
[Site "Mansa"]
[Date "2017.10.22"]
[Round "5"]
[White "Wanyama, Harold"]
[Black "Bwalya, Gillan"]
[Result "0-1"]
[WhiteElo "2290"]
[BlackElo "2291"]
[Annotator "NA"]
[PlyCount "77"]
[EventDate "2017.??.??"]
[EventType "swiss"]
[EventCountry "ZAM"]
[SourceTitle "playchess.com"]
[Source "ChessBase"]
[SourceQuality "1"]
[TimeControl "40/5400+30:1800+30"]

1. Nf3 Nf6 2. c4 {[%emt 0:01:21]} e6 {[%emt 0:01:01]} 3. b3 {[%emt 0:00:23]} d5
{[%emt 0:00:47]} 4. Bb2 {[%emt 0:00:07]} Be7 {[%emt 0:00:36]} 5. g3 {[%emt 0:
00:14]} O-O {[%emt 0:00:12]} 6. Bg2 {[%emt 0:00:11]} Nbd7 {[%emt 0:02:27]} 7.
O-O {[%emt 0:00:43]} b6 {[%emt 0:00:34]} 8. cxd5 {[%emt 0:00:25]} exd5 {
[%emt 0:00:04]} 9. Nd4 {[%emt 0:02:11]} Bb7 {[%emt 0:00:07]} 10. Nf5 {[%emt 0:
00:09] A14: English Opening: 1...e6 with b3 by White} Re8 {[%emt 0:00:08]} 11.
Nxe7+ {[%emt 0:00:31]} Qxe7 {[%emt 0:00:03]} 12. Nc3 {[%emt 0:00:48]} c5 {
[%emt 0:04:18]} (12... Ne4 13. Nb5 Ndf6 14. d3 Nd6 15. Bxf6 gxf6 16. Nc3 d4 17.
Bxb7 Nxb7 {1-0 (38) Dzagnidze,N (2559)-Goriatchkin,J (2318) Doha 2015}) 13. d4
{[%emt 0:00:39]} Rad8 {[%emt 0:02:24]} 14. Re1 {[%emt 0:00:55]} Ne4 {[%emt 0:
06:11]} 15. dxc5 $146 {[%emt 0:01:40]} ({Predecessor:} 15. e3 Qf6 16. Qc2 cxd4
17. Nxe4 dxe4 {1-0 (76) Duijker,R (2269)-Goossens,E (2187) Germany 2015}) 15...
Ndxc5 {[%emt 0:01:50]} 16. Qd4 {[%emt 0:25:21]} Ne6 {[%emt 0:05:16]} 17. Qa4 {
[%emt 0:01:41]} a6 {[%emt 0:04:02]} 18. Nxe4 {[%emt 0:04:36]} dxe4 {[%emt 0:01:
04]} 19. Rad1 {[%emt 0:00:33]} h6 {[%emt 0:15:58]} 20. Qa3 {[%emt 0:05:45]} Qc7
$11 {[%emt 0:05:19]} 21. Rc1 {[%emt 0:02:50]} Qd7 {[%emt 0:02:41]} 22. Qb4 {
[%emt 0:01:05]} b5 {[%emt 0:01:25]} 23. Qa5 {[%emt 0:05:00]} e3 {[%emt 0:13:01]
} 24. f3 {[%emt 0:13:26]} Qd6 {[%emt 0:03:15]} 25. Rc2 {[%emt 0:16:28]} h5 {
[%emt 0:07:01]} 26. Rec1 {[%emt 0:09:34]} h4 {[%emt 0:00:50]} 27. Qe1 {[%emt 0:
01:47]} hxg3 {[%emt 0:05:03]} 28. hxg3 {[%emt 0:02:37]} b4 {[%emt 0:01:06]} 29.
Bh3 {[%emt 0:01:17]} Ng5 {[%emt 0:00:11]} 30. Kg2 {[%emt 0:00:31]} a5 {[%emt 0:
05:16]} 31. Bf5 {[%emt 0:01:49]} Qd5 {[%emt 0:01:55]} 32. Bg4 {[%emt 0:00:41]}
Qd6 {[%emt 0:02:28]} 33. Qh1 {[%emt 0:00:22]} Qg6 {[%emt 0:01:05]} 34. Qh4 {
[%emt 0:00:27]} Rd2 {[%emt 0:00:36]} 35. Rh1 Nh7 36. Rxd2 exd2 37. e4 Qh6 38.
Qxh6 gxh6 39. Rd1 0-1